Estatísticas para Frequências para formatura

Clique aqui para jogar o quiz

Estatísticas Gerais

  • Esse quiz foi jogado 13 vezes
  • A pontuação média é 7 de 16

Estatísticas das Respostas

HintResposta% Correto
Canal 1121,7
100%
Canal 2126,3
100%
Canal 3134,6
100%
Coringa122,3
80%
Trunfos136,15
80%
Canal 4133,0
60%
Canal 5tático
40%
Léo120,5
20%
Centaurus122,1
20%
Ouros123,2
20%
Copas123,55
20%
Áquila124,75
20%
Espadas125,25
20%
Negro125,5
20%
Órion133,25
20%
Paus135,35
20%

Distribuição das Pontuações

Percentil de Números Respondidos

Porcentagem de Pessoas com Cada Pontuação

Sua Pontuação Histórica

Você não jogou esse quiz